000 01065nam a2200289 i 4500
003 EG-GICUC
005 20260504102723.0
008 260504s1971 ua |||fr|||| 00| 0 ara d
017 _a1971/3422
040 _a EG-GICUC
_bara
_c EG-GICUC
_d EG-GICUC
_erda
082 0 4 _221
_a345.693
_bخ ل . ر
092 0 4 _221
099 _aLaw1 07 345.693 خ ل . ر 1971
100 1 _aخليل جريج
_eمؤلف.
245 1 2 _aالرقابة القضائية علي أعمال التشريع /
_cالأستاذ خليل جريج.
264 1 _a[مكان النشر غير محدد] :
_bمطبة الجبلاوي،
_c1971.
300 _a209 ؛ صفحة
_c24 سم
336 _2rda content
_atext
337 _2rda media
_aComputer
338 _2rda carrier
_aOnline Resource
504 _aيشتمل علي ارجاعات ببليوجرافية
650 1 4 _aالرقابة القضائية علي اعمال الادارة
_2qrmak
651 1 _2qrmak
856 4 0 _uhttps://fll.law.cu.edu.eg/fulltext/bks/B07-04951.pdf
905 _a161
942 _2ddc
_cBK
_e21
_n0
999 _c75451
_d75451